00790nam a2200217Ia 4500003000900000008004100009020001800050040001600068080002200084100002600106245012500132260004800257300001600305650004100321650002900362650002500391700002700416942000700443999001500450952010700465IN-BaIIA211028s9999 xx 000 0 eng d a0-521-23015-2 cIIA Library a524.5(083.8)bMAL aMallas, John H911189 4aThe messier albumban observers handbookcJohn H Mallas and Evered Kreimer  aCambridgebCambridge University Pressc1978 aviii, 216p. aAstronomy and astrophysics thesaurus aNebulae catalogue911190 aStars-catalogue9967 aKreimer, Evered911191 cBK c6538d6538 00104070aBANbBANcGENd1980-08-06l0o524.5(083.8)/ MALp7271r2021-11-05w1980-08-06yBKG£ 6.95